|
|
|
|
| LEADER |
00000nab a2200000 a 4500 |
| 001 |
vtls010288250 |
| 003 |
SK-MaSNL |
| 005 |
20260305031545.0 |
| 008 |
110624 2011 xo 000 0 slo |
| 038 |
|
|
|a PPPK
|
| 040 |
|
|
|a PPPKCL
|b slo
|c PPPK
|e AACR2
|
| 041 |
0 |
|
|a slo
|
| 044 |
|
|
|a xo
|c SK
|
| 080 |
|
|
|a 82:06.063:808.54:7.092
|2 2001
|
| 080 |
|
|
|a 808.54:7.092
|2 2001
|
| 100 |
1 |
|
|a Budzáková, Jana
|4 aut
|9 1609083
|
| 245 |
1 |
0 |
|a Šaliansky Maťko
|b súťaž v prednese slovenských povestí
|c Mgr. Jana Budzáková
|
| 300 |
|
|
|b Fotogr.
|
| 610 |
2 |
7 |
|a Základná škola (Lendak, Slovensko)
|2 pppkcl
|9 56816
|
| 611 |
2 |
7 |
|a Šaliansky Maťko
|d (2011 :
|c Lendak, Slovensko)
|2 pppkcl
|9 1609735
|
| 648 |
|
7 |
|a 12.1.2011
|2 pppkcl
|9 1609736
|
| 650 |
0 |
7 |
|a amatérsky umelecký prednes
|2 pppkcl
|9 84977
|
| 650 |
0 |
7 |
|a recitačné súťaže
|2 pppkcl
|9 71896
|
| 651 |
|
7 |
|a Lendak (Slovensko)
|2 pppkcl
|9 54521
|
| 651 |
|
7 |
|a Kežmarok (Slovensko : okres)
|2 pppkcl
|9 51824
|
| 773 |
0 |
|
|t Lendak : občasník o živote obyvateľov obce
|g Roč. XV, č. 1 (2011), s. 18
|
| 852 |
|
|
|a PPPK
|b KIS3GCP
|
| 999 |
|
|
|c 3316582
|d 3318512
|